LEADER 01002nam a22002531i 4500 001 991001088659707536 005 20040226124838.0 008 040318s1975 it |||||||||||||||||ita 035 $ab12716327-39ule_inst 035 $aARCHE-070058$9ExL 040 $aDip.to Filosofia$bita$cA.t.i. Arché s.c.r.l. Pandora Sicilia s.r.l. 082 04$a346.7 100 1 $aLo Cigno, Ottavio$0229455 245 10$aDel lavoro ; Delle società per azioni /$cOttavio Lo Cigno 260 $a[Torino] :$bUnione tipografico-editrice torinese,$cstampa 1975 300 $aXII, 324 p. ;$c24 cm 440 0$aCommentario del codice civile ;$v5.3 650 4$aSocietà per azioni 907 $a.b12716327$b02-04-14$c31-03-04 912 $a991001088659707536 945 $aLE005 DIR IV A 32 v. 5.3$cV. 5.3$g1$i2005000155062$lle005$o-$pE0.00$q-$rl$s- $t0$u0$v0$w0$x0$y.i13240511$z31-03-04 996 $aDel lavoro ; Delle società per azioni$9270166 997 $aUNISALENTO 998 $ale005$b31-03-04$cm$da $e-$fita$git $h0$i1 LEADER 01089nas 2200349-a 450 001 996206647903316 005 20231101151455.0 035 $a(OCoLC)49885978 035 $a(CKB)110985822459218 035 $a(CONSER)--2002222661 035 $a(DE-599)ZDB2121288-0 035 $a(EXLCZ)99110985822459218 100 $a20020529a19969999 s-- - 101 0 $aeng 181 $ctxt$2rdacontent 182 $cc$2rdamedia 183 $acr$2rdacarrier 200 10$aCaucasian regional studies /$fthe International Association for Caucasian Regional Studies 210 $aTbilisi, Ga. $cThe Association$d[1996]- 300 $aTitle from journal home page (viewed Feb. 28, 2002). 311 $a1027-8540 517 3 $aCRS 607 $aCaucasus$vPeriodicals 607 $aCaucase$vPériodiques 607 $aCaucasus$2fast 608 $aOnline resources. 608 $aPeriodicals.$2fast 712 02$aInternational Association for Caucasian Regional Studies. 906 $aJOURNAL 912 $a996206647903316 996 $aCaucasian regional studies$92294434 997 $aUNISA